Dance Moms Group Dances - Statistics

General Stats
  • This quiz has been taken 854 times
  • The average score is 5 of 15
Answer Stats
Hint Answer % Correct
Piece about Missing Children Where Have All the Children Gone
96%
Routine about the Candy Apples Bad Apples
44%
Fun Routine about Country Girls Country Cuties
43%
Routine about Cancer Living with the Ribbon
37%
Routine about Super Models Snapshot
35%
Piece dedicated to Broadway Baby Beautiful Day
31%
Routine about Homelessness Trapped
31%
Routine about Climbing a Mountain Avalanche
30%
Piece about being beautiful inside and out This is My Beauty
26%
Routine about Christi & Lesley's Fight Girls Night Out
25%
Routine about Gay Rights Don't Ask Just Tell
22%
Routine about Texting & Driving My Last Text
19%
Routine about Politics in the USA Free the People
13%
Routine about Growing Up All Kids Go
6%
Routine about Vegas in the 20's The Brat Pack
3%
No matching quizzes found
Score Distribution
Percent of People with Each Score
Percentile by Number Answered
Your Score History
You have not taken this quiz